| LEADER | 00772cam a2200325 i 4500 | ||
|---|---|---|---|
| 001 | 000046364 | ||
| 003 | 5827 | ||
| 005 | 20021115141227.0 | ||
| 008 | 010220|1998 vm 000 eng | ||
| 020 | |a 0333658477 (pbk.) | ||
| 040 | |a IRC |c IRC |d IRC | ||
| 041 | 0 | |a eng | |
| 082 | 1 | 4 | |a 658.8 |b LA-G |
| 100 | 1 | |a Lancaster, Geoffrey A. | |
| 245 | 0 | 0 | |a Marketing / |c Geoffrey A. Lancaster |
| 260 | |a Basingstoke : |b Macmillan Business, |c 1998 | ||
| 300 | |a viii, 327p. | ||
| 630 | 0 | 4 | |a Marketing |
| 650 | 0 | 4 | |a Marketing |
| OWN | |a DUT | ||
| 049 | 0 | 0 | |a mt |
| 999 | |a From the UDN01 | ||
| TYP | |a Monograph | ||
| TYP | |a Printed language | ||
| 980 | |a Mạng thư viện Đại học Đà Nẵng | ||


